000 00400pam a2200157a 44500
008 230515b1989 xxu||||| |||| 00| 0 eng d
020 _aNULL
041 _aENGLISH
082 _a630
100 _a875-1987
245 _aCODE OF PRACTICE FOR DESIGN LOADS (OTHER THAN EARTHQUAKE) FOR BUILDINGS & STRUCTURES PART- 2
250 _a0
260 _aDELHI
_bISI
_c1989
300 _a34
650 _aNULL
999 _c652263
_d652263